| 000 | 01489cam a2200385 4500 | ||
|---|---|---|---|
| 082 |
_a621.3 _bDAW _cL |
||
| 100 | 1 |
_aDawes, Chester L. _941124 |
|
| 245 | 1 | 2 |
_aA course in electrical engineering ... _cby Chester L. Dawes ... |
| 250 | _a4th ed. | ||
| 260 |
_aNew York, _aLondon, _bMcGraw-Hill Book Company, inc., _c1947-52 [v. 1, 1952] |
||
| 300 |
_a2 v. _billus., diagrs. _c24 cm. |
||
| 490 | 1 | _aElectrical engineering texts | |
| 505 | 0 | _av. 1. Direct currents, 3 ed., 1937.--v. 2. Alternating currents. | |
| 526 |
_a0 _b0 _c0 _d621_300000000000000_DAW |
||
| 526 |
_a0 _b0 _c0 _d621_300000000000000_DAW |
||
| 526 |
_a0 _b0 _c0 _d621_300000000000000_DAW |
||
| 526 |
_a0 _b0 _c0 _d621_300000000000000_DAW |
||
| 526 |
_a0 _b0 _c0 _d621_300000000000000_DAW |
||
| 526 |
_a0 _b0 _c0 _d621_300000000000000_DAW |
||
| 526 |
_a0 _b0 _c0 _d621_300000000000000_DAW |
||
| 526 |
_a0 _b0 _c0 _d621_300000000000000_DAW |
||
| 526 |
_a0 _b0 _c0 _d621_300000000000000_DAW |
||
| 526 |
_a0 _b0 _c0 _d621_300000000000000_DAW |
||
| 526 |
_a0 _b0 _c0 _d621_300000000000000_DAW |
||
| 526 |
_a0 _b0 _c0 _d621_300000000000000_DAW |
||
| 526 |
_a0 _b0 _c0 _d621_300000000000000_DAW |
||
| 526 |
_a0 _b0 _c0 _d621_300000000000000_DAW |
||
| 526 |
_a0 _b0 _c0 _d621_300000000000000_DAW |
||
| 526 |
_a0 _b0 _c0 _d621_300000000000000_DAW |
||
| 526 |
_a0 _b0 _c0 _d621_300000000000000_DAW |
||
| 650 | 0 | _aElectrical engineering. | |
| 650 | 7 |
_aEngenharia Eletrica (Topicos Gerais E Gerenciais) _941125 |
|
| 650 | 7 |
_aMCE _9379 |
|
| 942 |
_2ddc _cBK |
||
| 999 |
_c545312 _d545312 |
||